Biblioteki Polonii Amerykańskiej
Biblioteka Instytutu Józefa Piłsudskiego w Ameryce
Library of the Józef Piłsudski Institute of America
Biblioteka imienia Alfreda Jurzykowskiego Polskiego Instytutu Naukowego w Ameryce
The Alfred Jurzykowski Memorial Library of the Polish Institute of Arts & Sciences of America
Biblioteka Marjanczyków Polskiej Fundacji Kulturalnej
The Marjanczyk Library of the Polish Cultural Foundation

Biblioteka Fundacji Kościuszkowskiej
Library of the Kosciuszko Foundation

Opinia Nurtu Niepodległościowego : (Record no. 91104)

MARC details
000 -LEADER
fixed length control field 02677nas a2200649 i 4500
001 - CONTROL NUMBER
control field 991022249329705066
003 - CONTROL NUMBER IDENTIFIER
control field NyNyJPI
005 - DATE AND TIME OF LATEST TRANSACTION
control field 20260413172635.0
008 - FIXED-LENGTH DATA ELEMENTS--GENERAL INFORMATION
fixed length control field 140328c20139999pl qr p |0 0pol
009 - PHYSICAL DESCRIPTION FIXED-FIELD FOR ARCHIVAL COLLECTION (VM) [OBSOLETE]
fixed length control field b0000003038280
015 ## - NATIONAL BIBLIOGRAPHY NUMBER
National bibliography number BWC 2014/117
022 ## - INTERNATIONAL STANDARD SERIAL NUMBER
International Standard Serial Number 2353-5725
Incorrect ISSN 2352-572x
-- 2352-5725
035 ## - SYSTEM CONTROL NUMBER
System control number 991022249329705066
035 ## - SYSTEM CONTROL NUMBER
System control number (PL-WaBN)b30382804-48omnis_nlop
035 ## - SYSTEM CONTROL NUMBER
System control number b30382804
035 ## - SYSTEM CONTROL NUMBER
System control number (OCoLC)879531214
035 ## - SYSTEM CONTROL NUMBER
System control number (UJ)vtls001138616
035 ## - SYSTEM CONTROL NUMBER
System control number (PL)b0000003038280
035 ## - SYSTEM CONTROL NUMBER
System control number (EXLNZ-48OMNIS_NETWORK)9910324399805606
040 ## - CATALOGING SOURCE
Original cataloging agency WA N
Transcribing agency WA N
Modifying agency WA N
-- KR U
-- WA N
-- WR O
-- WA N
-- KR U
046 ## - SPECIAL CODED DATES
Beginning or single date created 2013
080 ## - UNIVERSAL DECIMAL CLASSIFICATION NUMBER
Universal Decimal Classification number 32(05)
084 ## - OTHER CLASSIFICATION NUMBER
Classification number 03
210 1# - ABBREVIATED TITLE
Abbreviated title Opinia Nurtu Niepodległ.
222 #0 - KEY TITLE
Key title Opinia Nurtu Niepodległościowego
245 00 - TITLE STATEMENT
Title Opinia Nurtu Niepodległościowego :
Remainder of title kwartalnik społeczny i naukowy.
246 13 - VARYING FORM OF TITLE
Title proper/short title Opinia :
Remainder of title kwartalnik Ośrodka Myśli Niepodległościowej
246 30 - VARYING FORM OF TITLE
Title proper/short title Opinia NN
260 ## - PUBLICATION, DISTRIBUTION, ETC.
Place of publication, distribution, etc. Warszawa :
Name of publisher, distributor, etc. Instytut Historyczny NN im. Andrzeja Ostoja Owsianego,
Date of publication, distribution, etc. 2013-.
300 ## - PHYSICAL DESCRIPTION
Dimensions 21 cm.
310 ## - CURRENT PUBLICATION FREQUENCY
Current publication frequency Kwartalnik
336 ## - CONTENT TYPE
Content type term Tekst
Content type code txt
Source rdacontent
337 ## - MEDIA TYPE
Media type term Bez urządzenia pośredniczącego
Media type code n
Source rdamedia
338 ## - CARRIER TYPE
Carrier type term Wolumin
Carrier type code nc
Source rdacarrier
362 0# - DATES OF PUBLICATION AND/OR SEQUENTIAL DESIGNATION
Dates of publication and/or sequential designation 2013, nr 1 (zima)-.
380 ## - FORM OF WORK
Form of work Czasopisma
388 1# - TIME PERIOD OF CREATION
Time period of creation term 2001-
500 ## - GENERAL NOTE
General note Opis na podstawie bieżącego zeszytu.
500 ## - GENERAL NOTE
General note Tytuł według okładki.
500 ## - GENERAL NOTE
General note Od 2013, nr 1 podtytuł: kwartalnik Ośrodka Myśli Niepodległościowej.
500 ## - GENERAL NOTE
General note Od 2013, nr 1 [Marek Albiniak redaktor naczelny].
500 ## - GENERAL NOTE
General note Od 2013, nr 1: Łódź : Ośrodek Myśli Niepodległościowej Instytutu Historycznego NN im. Andrzeja Ostoja-Owsianego.
500 ## - GENERAL NOTE
General note Od 2015, nr 7: Warszawa.
500 ## - GENERAL NOTE
General note Od 2017, nr 15 [Andrzej Anusz redaktor naczelny].
500 ## - GENERAL NOTE
General note Od 2022, nr 35 podtytuł: kwartalnik społeczny i naukowy.
500 ## - GENERAL NOTE
General note Od 2022, nr 39 wydawca: Instytut Historyczny NN im. Andrzeja Ostoja Owsianego.
550 ## - ISSUING BODY NOTE
Issuing body note Od 2022, nr 39: Instytut Historyczny Nurtu Niepodległościowego im. Andrzeja Ostoja Owsianego.
650 #7 - SUBJECT ADDED ENTRY--TOPICAL TERM
Topical term or geographic name entry element Nacjonalizm
Source of heading or term DBN
650 #7 - SUBJECT ADDED ENTRY--TOPICAL TERM
Topical term or geographic name entry element Polityka
Source of heading or term DBN
655 #7 - INDEX TERM--GENRE/FORM
Genre/form data or focus term Czasopismo polityczne
Source of term DBN
655 #7 - INDEX TERM--GENRE/FORM
Genre/form data or focus term Czasopismo polskie
Source of term DBN
658 ## - INDEX TERM--CURRICULUM OBJECTIVE
Main curriculum objective Polityka, politologia, administracja publiczna
700 1# - ADDED ENTRY--PERSONAL NAME
Personal name Albiniak, Marek
Dates associated with a name (1972- )
Relator term Redakcja
710 2# - ADDED ENTRY--CORPORATE NAME
Corporate name or jurisdiction name as entry element Ośrodek Myśli Niepodległościowej (Instytut Historyczny Nurtu Niepodległościowego im. Andrzeja Ostoja Owsianego)
Relator term Instytucja sprawcza
Relationship pbl
710 2# - ADDED ENTRY--CORPORATE NAME
Corporate name or jurisdiction name as entry element Instytut Historyczny Nurtu Niepodległościowego im. Andrzeja Ostoja Owsianego
Relator term Instytucja sprawcza
Relationship pbl
942 ## - ADDED ENTRY ELEMENTS (KOHA)
Source of classification or shelving scheme Other/Generic Classification Scheme
Koha item type Books
Suppress in OPAC No
Holdings
Withdrawn status Lost status Source of classification or shelving scheme Damaged status Not for loan Home library Current library Date acquired Total checkouts Full call number Date last seen Copy number Price effective from Koha item type
    Other/Generic Classification Scheme     Józef Piłsudski Institute Józef Piłsudski Institute 04/13/2026   K 1840 04/13/2026 nr 149 (wiosna 2025) 04/13/2026 Books
    Other/Generic Classification Scheme     Józef Piłsudski Institute Józef Piłsudski Institute 04/13/2026   K 1841 04/13/2026 nr 151 (lato 2025) 04/13/2026 Books